• 首页
  • 本馆介绍
  • 公告通知
  • 最新文献
  • 馆藏检索
  • 电子资源
  • 读者导购
  • 参考咨询
  • 我的图书馆
  • 登录
  • 详细信息显示
  • 放入我的书架
  • 预约/预借图书
  • 作者相关作品
  • 分类相关作品
  • 丛书相关作品
  • 出版社相关作品

书目信息

  • 表格格式
  • 工作单格式
  • 卡片格式
题名:
古史辨
    
 
作者: 顾颉刚 著
分册: 一  
出版信息: 上海   上海古籍出版社  1982.3
页数: 286页
开本: 20cm
丛书名:
单 册:
中图分类: K06
科图分类:
主题词: 历史--研究
电子资源:
ISBN:
000 00454nam0 2200181 45
001 0312221749
005 20060812171627.12
010    @dCNY1.80
100    @a20031222d1982 km y0chiy0120 ea
101    @achi
200 1  @a古史辨@h一@AGu Shi Bian@f顾颉刚著@FGu Jie Gang Zhu
210    @a上海@c上海古籍出版社@d1982.3
215    @a286页@d20cm
606 0  @a历史@x研究
690    @aK06@v3
701 0  @a顾颉刚@4著
801    @aCN@bTSTCL@c20060812
905    @dK06@e2:1
    
    古史辨.一/顾颉刚著.-上海:上海古籍出版社,1982.3
    286页;20cm
    
    
    ISBN :CNY1.80
    
●
相关链接 在E读中查询图书 在五车中查询图书 在当当中查询图书 在豆瓣中查询图书


正题名:古史辨     索取号:K06/2:1         预约/预借

序号 登录号 条形码 馆藏地/架位号 状态 备注
1 0083120   001418923   第二借阅区/ [索取号:K06/2:1] 在馆    
2 0083121   001530025   密集书库/ [索取号:K06/2:1] 在馆    
3 0083122   001418914   第二样本阅览室/ [索取号:K06/2:1] 在馆    
4 0083860   001530221   密集书库/ [索取号:K06/2:1] 在馆    
5 0083861   001529983   密集书库/ [索取号:K06/2:1] 在馆    
6 0435056   204350567   密集书库/ [索取号:K06/2:1] 在馆    
7 0435058   204350585   密集书库/ [索取号:K06/2:1] 在馆    
8 0456099   204560992   密集书库/ [索取号:K06/2:1] 在馆    
唐山师范学院图书馆 欢迎您!
大连网信软件有限公司© 版权所有